header

Vettii Valentis Antiocheni Anthologiarum libri novem (Record no. 105928)

MARC details
000 -LEADER
fixed length control field 01432nam a2200373 a 4500
100 0# - MAIN ENTRY--AUTHOR NAME
Personal name Vettius Valens.
245 10 - TITLE STATEMENT
Title Vettii Valentis Antiocheni Anthologiarum libri novem
260 ## - PUBLICATION, DISTRIBUTION, ETC. (IMPRINT)
Place of publication Leipzig :
Name of publisher B.G. Teubner,
Year of publication 1986.
300 ## - PHYSICAL DESCRIPTION
Number of Pages xxi, 583 p.
500 ## - GENERAL NOTE
General note Greek text; commentary in Latin.
650 #0 - SUBJECT ADDED ENTRY--TOPICAL TERM
Topical Term Astrology
700 1# - ADDED ENTRY--PERSONAL NAME
Personal name Pingree, David Edwin,
856 40 - ELECTRONIC LOCATION AND ACCESS
Uniform Resource Identifier http://site.ebrary.com/lib/rucke/Doc?id=10591353

No items available.

© 2026 Rongo University
Contact us: librarian | system librarian | Rongo university